000 00653nam a22002297a 4500
003 KOHA_MİRAKIL
005 20260416063230.0
008 260415b tu ||||| |||| 00| 0 tur d
020 _a9789755336879
040 _aTR-AnABB
_btur
_cTR-AnABB
041 _atur
082 _a321.8
_bINC 2011
100 1 _aİnce, Özdemir
245 1 0 _aDemokrasi ile diktatorya arasında /
_cÖzdemir İnce
250 _a1. baskı
260 _aAnkara :
_bİmge Kitabevi
_c2011
300 _a251 sayfa ;
_c20 cm
650 0 4 _aDemokrasi, tarih ve kuram
650 0 4 _aSiyasal sistemler
900 _bCan ÇELIK
942 _2ddc
_cBK
999 _c10270
_d10270